000 00785pam a2200229 a 4500
001 3071783
005 20180209044601.0
008 970728s1998 njuab bf 001 0 eng
010 _a 97030907
020 _a0138747288 (alk. paper)
040 _aDLC
_cDLC
_dDLC
041 _aeng
080 _a808.066907 MAR
082 0 0 _a808.066907 MAR
_221
100 1 _a16
101 _aHIS
245 1 4 _aThe history student writer's manual /
_cMark Hellstern, Gregory M. Scott, Stephen M. Garrison.
504 _aIncludes bibliographical references (p. 205) and index.
906 _a7
_bcbc
_corignew
_d1
_eocip
_f19
_gy-gencatlg
942 _2ddc
_cBK
999 _c42233
_d42233